| 000 | 00360nam a2200133Ia 4500 | ||
|---|---|---|---|
| 008 | 220204s9999 xx 000 0 und d | ||
| 020 | _a0120007827 | ||
| 082 |
_a631/635 _bADV.84 |
||
| 100 | _aSparks, Donald L | ||
| 245 | 0 | _aAdvances in agronomy. V.84 | |
| 260 |
_aAmsterdam _bElsevier Academic Press _c2004 |
||
| 650 | _aCalcium uptake modelling | ||
| 942 | _cBK | ||
| 999 |
_c42306 _d42306 |
||